00515nam a2200157 a 450000100100000000500170001000800410002702000150006804000250008310000240010824500740013226000660020630000280027250000250030050400320032500003425720200930070918.0110929s1990 es 000 0 spa d a847737029x aDO-SdBNPbspacBNPHU1 aValdivieso, Enrique10aMurillo :bsobra de la tierra, luces del cielo /cEnrique Valdivieso. aEspaña :bConsejeria de Cultura de AndaluciabSilex,c1990. a277 p. :bil. ;c24 cm. aTexto en dos columna aBibliografía : p.261 -273